| 000 | 00807cam a22002413a 4500 | ||
|---|---|---|---|
| 001 | 42743 | ||
| 003 | PGUSA | ||
| 005 | 20140828083952.0 | ||
| 008 | 130520s2013||||xxu|||||s|||||000 | eng d | ||
| 040 |
_aPGUSA _beng |
||
| 042 | _adc | ||
| 050 | 4 | _aPQ | |
| 100 | 1 |
_aParis, Paulin, _d1800-1881 |
|
| 245 | 1 | 0 |
_aLes Romans de la Table Ronde (1 / 5) : _bMis en nouveau langage et accompagnés de recherches sur l'origine et le caractère de ces grandes compositions _h[electronic resource] / _cPaulin Paris |
| 260 |
_bProject Gutenberg, _c2013 |
||
| 505 | 0 | _aJoseph d'Arimathie -- Le Saint-Graal. | |
| 506 | _aPublic domain in the USA. | ||
| 516 | _aElectronic text | ||
| 653 | _aArthurian romances | ||
| 830 | 0 |
_aProject Gutenberg _v42743 |
|
| 856 | 4 | 0 | _uhttp://www.gutenberg.org/ebooks/42743 |
| 942 | _cEB | ||
| 999 |
_c271995 _d271995 |
||